000 00412nam a2200169Ia 4500
008 230711s9999||||xx |||||||||||||| ||und||
020 _a978-81-7319-991-2
041 _aENG
082 _a531
_bCH-C
100 _aChandra,Suresh
245 0 _aClassical Mechanics : A Textbook
250 _a1st Ed.
260 _c2009
_aNew Delhi
_bNarosa Publishing House
300 _a334p.
650 _aPhysics
942 _cBK
999 _c6759
_d6759